Pickining up the pieces : (Record no. 132685)

MARC details
000 -LEADER
fixed length control field 00822nam a2200241 i 4500
001 - CONTROL NUMBER
control field C2-0334189
003 - CONTROL NUMBER IDENTIFIER
control field PPAK
005 - DATE AND TIME OF LATEST TRANSACTION
control field 20180728134046.0
008 - FIXED-LENGTH DATA ELEMENTS--GENERAL INFORMATION
fixed length control field 151018s2014 my |||| ||||| | eng d
020 ## - INTERNATIONAL STANDARD BOOK NUMBER
International Standard Book Number 9789674152642
040 ## - CATALOGING SOURCE
Original cataloging agency PPAK
Language of cataloging eng
Transcribing agency PPAK
Description conventions rda
082 04 - DEWEY DECIMAL CLASSIFICATION NUMBER
Classification number 306.58609595
Edition number 23
090 00 - LOCALLY ASSIGNED LC-TYPE CALL NUMBER (OCLC); LOCAL CALL NUMBER (RLIN)
Classification number (OCLC) (R) ; Classification number, CALL (RLIN) (NR) 306.58609595
Feature heading OOI
Feature heading G
100 1# - MAIN ENTRY--PERSONAL NAME
Personal name Ooi, J.,
Relator term author
245 10 - TITLE STATEMENT
Title Pickining up the pieces :
Remainder of title an Asian single mother's post-divorce road map
264 #1 - PRODUCTION, PUBLICATION, DISTRIBUTION, MANUFACTURE, AND COPYRIGHT NOTICE
Place of production, publication, distribution, manufacture Petaling Jaya, Selangor :
Name of producer, publisher, distributor, manufacturer MPH Group Publishing Sdn. Bhd. ,
Date of production, publication, distribution, manufacture, or copyright notice 2014
300 ## - PHYSICAL DESCRIPTION
Extent xi, 127 pages ;
Dimensions 20 cm
336 ## - CONTENT TYPE
Source rdacontent
Content type term text
337 ## - MEDIA TYPE
Source rdamedia
Media type term unmediated
338 ## - CARRIER TYPE
Source rdacarrier
Carrier type term volume
650 10 - SUBJECT ADDED ENTRY--TOPICAL TERM
Topical term or geographic name entry element Single-parent families Malaysia. ; Divorced mothers Malaysia Psychology ; Self-esteem in women Malaysia.
942 ## - ADDED ENTRY ELEMENTS (KOHA)
-- dc
Koha item type Book
Holdings
Withdrawn Not for loan Current library Shelving location Date acquired Full call number Barcode Date last seen Koha item type
    Perpustakaan Alor Setar Pinjaman Dewasa 28/10/2015 306.58609595 OOI A01467611 09/05/2018 Book
    Perpustakaan Awam Sungai Petani Pinjaman Dewasa 28/10/2015 306.58609595 OOI A01467612 09/05/2018 Book
    Perpustakaan Jitra Pinjaman Dewasa 28/10/2015 306.58609595 OOI A01467614 09/05/2018 Book
    Perpustakaan Kulim Pinjaman Dewasa 28/10/2015 306.58609595 OOI A01467613 09/05/2018 Book